书目信息 |
| 题名: |
注册道路工程师执业资格考试专业考试复习教程
|
|
| 作者: | 张铭 , 杨航卓 主编 ;注册工程师考试复习用书编委会 编 | |
| 分册: | ||
| 出版信息: | 北京 人民交通出版社股份有限公司 2019.04 |
|
| 页数: | 731页 | |
| 开本: | 26cm | |
| 丛书名: | ||
| 单 册: | ||
| 中图分类: | U41 | |
| 科图分类: | ||
| 主题词: | 道路工程--dao lu gong cheng--资格考试--自学参考资料 | |
| 电子资源: | ||
| ISBN: | 978-7-114-13044-1 | |
| 000 | 01351nam0 2200277 450 | |
| 001 | 202019134687 | |
| 005 | 20191002113834.0 | |
| 010 | @a978-7-114-13044-1@dCNY180.00 | |
| 100 | @a20190930d2019 em y0chiy50 ea | |
| 101 | 0 | @achi |
| 102 | @aCN@b110000 | |
| 105 | @aak a 000yy | |
| 106 | @ar | |
| 200 | 1 | @a注册道路工程师执业资格考试专业考试复习教程@Azhu ce dao lu gong cheng shi zhi ye zi ge kao shi zhuan ye kao shi fu xi jiao cheng@f注册工程师考试复习用书编委会编@g张铭, 杨航卓主编 |
| 210 | @a北京@c人民交通出版社股份有限公司@d2019.04 | |
| 215 | @a731页@c图@d26cm | |
| 320 | @a有书目 (第731页) | |
| 330 | @a本书依据注册土木工程师 (道路工程) 专业考试大纲编写。全书共8章: 道路路线设计、路基工程、路面工程、桥梁工程、隧道工程、交叉工程、交通工程及沿线设施、道路工程施工组织与概预算。每一章包含考试大纲、必备知识、典型例题、模拟自测等内容, 符合考生阅读习惯, 让考生在有限的备考时间内掌握考试重点, 并通过模拟题的练习, 提高解题速度和准确率。 | |
| 333 | @a2019全国勘察设计注册工程师职业资格考试用书 | |
| 606 | 0 | @a道路工程@Adao lu gong cheng@x资格考试@j自学参考资料 |
| 690 | @aU41@v5 | |
| 701 | 0 | @a张铭@Azhang ming@4主编 |
| 701 | 0 | @a杨航卓@Ayang hang zhuo@4主编 |
| 712 | 02 | @a注册工程师考试复习用书编委会@Azhu ce gong cheng shi kao shi fu xi yong shu bian wei hui@4编 |
| 801 | 0 | @aCN@c20190905 |
| 905 | @a河南城建学院图书馆@dU41@eZ142 | |
| 注册道路工程师执业资格考试专业考试复习教程/注册工程师考试复习用书编委会编/张铭, 杨航卓主编.-北京:人民交通出版社股份有限公司,2019.04 |
| 731页:图;26cm |
| 使用对象:2019全国勘察设计注册工程师职业资格考试用书 |
| ISBN 978-7-114-13044-1:CNY180.00 |
| 本书依据注册土木工程师 (道路工程) 专业考试大纲编写。全书共8章: 道路路线设计、路基工程、路面工程、桥梁工程、隧道工程、交叉工程、交通工程及沿线设施、道路工程施工组织与概预算。每一章包含考试大纲、必备知识、典型例题、模拟自测等内容, 符合考生阅读习惯, 让考生在有限的备考时间内掌握考试重点, 并通过模拟题的练习, 提高解题速度和准确率。 |
| ● |
| 相关链接 |
|
|
|
正题名:注册道路工程师执业资格考试专业考试复习教
索取号:U41/Z142
 
预约/预借
| 序号 | 登录号 | 条形码 | 馆藏地/架位号 | 状态 | 备注 |
| 1 | 1442765 | 214427654 | 自科库501/501自科库 50排6列5层/ [索取号:U41/Z142] | 在馆 |